000 01112nac a22003017a 4500
001 BR8100077
003 BR-BrBNA
005 20240105114855.0
008 230509b bl.|||m| |||| 00| 0 por d
040 _aBR-BrBNA
_bpor
_cBiblioteca Nacional de Agricultura
072 _aF40
090 _a1126 BR8100077
100 1 _aGadelha, R.S. de S.
100 1 _aVasconcellos, H. de O.
100 1 _aMello, M.
110 1 _aEmpresa de Pesquisa Agropecuaria do Estado do Rio de Janeiro, Niteroi (Brasil)
245 1 _aFenologia do abacaxi (cultivar perola)cultivado no estado do Rio de Janeiro [Ananas comosus; Brasil]
246 1 _a[Pineapple phenology (pearl cultivar)cropped in the state of Rio de Janeiro [Ananas comosus; Brazil]]
260 3 _aNiteroi, RJ (Brasil):
_cJul 1980.
300 _a4 p.
490 _aComunicado Tecnico - Empresa de Pesquisa Agropecuaria do Estado do Rio de Janeiro (Brazil)
_vno. 59
_x
650 _aEcologia vegetal
650 _aAbacaxi
650 _aFenologia
650 _aRio de Janeiro
909 _a202312
_bLúcia Elande
_c55
_dLúcia Elande
942 _2AGRIS
_n0
_cMS
999 _c271797
_d271797